| 000 | 00654nab a2200157 4500 | ||
|---|---|---|---|
| 003 | ES-SlBCS | ||
| 005 | 20220907161511.0 | ||
| 008 | 160119s2015 it ||||| |||| 00| 0 ita d | ||
| 040 |
_aES-SlBCS _bspa |
||
| 100 | 1 |
_aIocco, Gemmo _9409763 |
|
| 245 | 1 | 5 |
_a"Das Schreckbild des Psychologismus" _b: Husserl, Lotze e "l'inesauribile scrigno" del mondo delle idee _cGemmo Iocco |
| 600 | 1 | 4 |
_aLotze, Hermann _d, 1817-1881 _xCrítica e interpretación _9409764 |
| 600 | 0 |
_aHusserl, Edmund _d, 1859-1938 _xCrítica e interpretación _9120926 |
|
| 773 | 0 |
_gVol. 107, Nº 3, 2015, págs. 623-643 _tRivista di Filosofia Neo-Scolastica _wRev392 _x0035-6247 |
|
| 942 |
_2lcc _cAR |
||
| 999 |
_c855437 _d855437 |
||